| 000 | 00793nam a22002177a 4500 | ||
|---|---|---|---|
| 999 |
_c162088 _d162088 |
||
| 005 | 20190424120400.0 | ||
| 010 | _a1819CHEN B-718440-460 | ||
| 020 |
_a9789383331864 _c299.00 |
||
| 035 | _aB-718440-460 | ||
| 037 | _bPansy Books | ||
| 082 | _aS | ||
| 100 | _aShikhandin | ||
| 245 |
_aVibhuti cat / _cby Shikhandin ; illustrated by Shubham Lakhera |
||
| 260 |
_aChennai _bDuckbill Books _c2018 |
||
| 270 |
_aF2, Oyster Operaa, 35/36, Gangai Street Kalakshetra Colony, Besant Nagar _bChennai _e600090 |
||
| 300 |
_a32p.: _bcol.ill. _c22cm(pbk) |
||
| 500 | _aAirport | ||
| 700 | _aLakhera, Shubham | ||
| 942 |
_2ddc _cCH _mSHI _hS |
||